000 00961nam a2200253Ia 4500
003 OSt
005 20220923211225.0
006 a|||||r|||| 00| 0
007 ta
008 220922b |||||||| |||| 00| 0 hin d
020 _a9788170285687 (hbk)
_c150
024 _a234,347
037 _b447, 19/03/2008, Swaraj Prakashan
_cTextual
040 _aARTS
_cARTS
_bhin
041 _2hin
_ahin
082 _aV2,1w, 152P7
100 _aमिश्र, भगवती शरण
_9159929
245 0 _aभारत के राष्ट्रपति
_b अद्यतन परिवर्द्धित संस्करण
246 _aBhārat ke rāṣhṭrapati: adyatan parivarddhit sanskaraṇa
260 _aदिल्ली
_b राजपाल
_c2007
300 _a170पृ.
_ccm.
942 _hV2,1w, 152P7
_cTEXL
_2CC
999 _c297214
_d297214